Mistrzowie US Open od 2010 roku - Statystyki

Ogólne statystyki
  • Ten quiz został rozwiązany 149 razy
  • Średni wynik to 12 z 14
Statystyki odpowiedzi
Rok Zawodniczka Narodowość % Poprawnych
2023 Novak Djoković Serbia
100%
2018 Novak Djoković Serbia
100%
2015 Novak Djoković Serbia
100%
2011 Novak Djoković Serbia
100%
2019 Rafael Nadal Hiszpania
97%
2017 Rafael Nadal Hiszpania
97%
2013 Rafael Nadal Hiszpania
97%
2010 Rafael Nadal Hiszpania
97%
2022 Carlos Alcaraz Hiszpania
91%
2012 Andy Murray Wielka Brytania
86%
2021 Daniił Miedwiediew Rosja
82%
2016 Stan Wawrinka Szwajcaria
82%
2020 Dominic Thiem Austria
62%
2014 Marin Čilić Chorwacja
53%
Nie znaleziono quizów pasujących do podanych kryteriów
Rozkład punktacji
Procent ludzi z każdym wynikiem
Percentyl według liczby udzielonych odpowiedzi
Twoja historia wyników
Nie rozwiązałeś tego quizu